| 000 | 00967cpcaa2200277 a 4500 | ||
|---|---|---|---|
| 001 | mm 82076226 | ||
| 003 | DLC | ||
| 005 | 20260227111716.0 | ||
| 008 | 821220|||||||||||| tgl | ||
| 010 | _amm 82076226 | ||
| 040 |
_aDLC _cDLC _edacs _dDLC |
||
| 072 | 7 |
_aH _2lcmd |
|
| 245 | 0 | 0 |
_aSermons in Tagala, _fundated. |
| 300 |
_a2 _fvolumes. |
||
| 300 |
_a2 _fcontainers. |
||
| 300 |
_a1 _fmicrofilm reel. |
||
| 506 | 0 | _aOpen to research. | |
| 530 |
_aMicrofilm edition available, _dno. 22,251. |
||
| 533 |
_aMicrofilm produced from originals in Manuscript Division. _bWashington, D.C. : _cLibrary of Congress Photoduplication Service, _d2001. |
||
| 546 | _aCollection material in Tagala. | ||
| 650 | 0 | _aSermons. | |
| 650 | 0 | _aTagalog (Philippine people) | |
| 651 | 0 |
_aPhilippines _xChurch history. |
|
| 999 |
_c43722 _d43722 |
||